All 50k U.S. Cities on a Map by Letter - L - Statistics

General Stats
  • This quiz has been taken 4,165 times
    1,538 since last reset
  • The average score is 29 of 56
Answers on the Map
Answers color-coded by a green-red scale on the quiz's map according to % correct below.
 
Answer Stats
City State Population % Correct
Los Angeles CA 3,878,704
99%
Las Vegas NV 678,922
98%
Louisville KY 640,796
96%
Lincoln CA 56,268
93%
Lincoln NE 300,619
93%
Lexington KY 329,437
90%
Little Rock AR 204,774
89%
Laredo TX 261,260
86%
Lansing MI 114,336
85%
Lubbock TX 272,086
84%
Lafayette LA 71,757
76%
Lafayette IN 122,280
76%
Las Cruces NM 116,998
76%
Long Beach CA 450,901
74%
Lancaster CA 167,426
72%
Lancaster PA 58,441
72%
Lakeland FL 124,990
64%
Lakewood CA 78,494
62%
Lakewood CO 156,868
62%
Lakewood WA 62,709
62%
Lowell MA 120,418
62%
Lawrence KS 97,271
54%
Lawrence MA 89,332
54%
Lake Charles LA 81,157
53%
Logan UT 56,770
53%
Lynchburg VA 80,301
51%
Lynn MA 103,489
51%
La Crosse WI 51,049
50%
Lake Havasu City AZ 59,037
49%
Lawton OK 90,027
47%
Lewisville TX 135,983
45%
Lee's Summit MO 106,419
43%
League City TX 118,456
41%
Longview TX 83,668
40%
Loveland CO 81,102
39%
Lehi UT 93,446
38%
Livonia MI 93,113
38%
Longmont CO 99,818
38%
Layton UT 84,348
37%
Lorain OH 65,751
36%
Livermore CA 84,867
33%
Lakeville MN 77,971
31%
Largo FL 82,337
29%
Lenexa KS 59,427
28%
Lacey WA 58,644
24%
Lodi CA 68,642
24%
Lynwood CA 63,596
24%
Lake Elsinore CA 73,595
23%
Lake Forest CA 87,159
23%
La Mesa CA 60,767
23%
Leander TX 87,511
21%
Lebanon TN 51,501
21%
Laguna Niguel CA 64,185
20%
La Habra CA 61,391
19%
Little Elm TX 61,219
19%
Lauderhill FL 76,627
18%
No matching quizzes found
Score Distribution
Percent of People with Each Score
Percentile by Number Answered
Your Score History
You have not taken this quiz since the last reset